Statistics for 10 US States with lowest IQ scores

Click here to take the quiz!

General Stats

  • This quiz has been taken 160 times
  • The average score is 7 of 10

Answer Stats

HintAnswer% Correct
50Mississippi
88%
45Alabama
83%
49Louisiana
74%
42Arkansas
73%
46New Mexico
62%
41stTennessee
62%
47Hawaii
55%
43Arizona
53%
48California
53%
44Nevada
51%

Score Distribution

Percentile by Number Answered

Percent of People with Each Score

Your Score History

You have not taken this quiz